000 00645nam a2200229Ia 4500
005 20250425162719.0
008 250425s9999 xx 000 0 und d
020 _a9978862692
041 _aspa
043 _aec
082 _a348.022624
100 _aCORPORACION, DE ESTUDIOS Y PUBLICACIONES
245 0 _aLEY DE COMPAÑIAS LEGISLACION CONEXA, CONCORDANCIAS
250 _aS.E.
260 _aEcuador
_bCORPORACION DE ESTUDIOS Y PUBLICACIONES
_c2017
260 _aQUITO
650 _aLEY DE COMPAÑIAS
650 _aTRIBUTACION-LEGISLACION
710 _aCORPORACION DE ESTUDIOS Y PUBLICACIONES
942 _c01
010 _a101988
999 _c234940
_d234940